Manual de apoyo para fortalecer los consejos escolares

Uloženo v:
Podrobná bibliografie
Korporativní autor: Ministerio de Educación (Autor)
Médium: Kniha
Jazyk:španělština
Vydáno: Santiago Mineduc 2006
Edice:Más Participación Mejor Educación
Témata:
Tagy: Přidat tag
Žádné tagy, Buďte první, kdo vytvoří štítek k tomuto záznamu!

MARC

LEADER 00000nam a2200000 a 4500
001 UCG1776
003 CL-VaPUC
008 100520e20060000CL |||||||||||||||||spa|d
020 |a 9562921050 
082 0 4 |a 370.115  |b MIN  |2 21 
110 2 |a Ministerio de Educación  |e author  |9 549783 
245 1 0 |a Manual de apoyo para fortalecer los consejos escolares 
300 |a 207 p 
942 |c BK 
945 |d 20100520 00:00:00  |a rbrito 
260 |a Santiago  |b Mineduc  |c 2006 
650 7 |a CONSEJOS ESCOLARES  |2 CL-VaPUC  |9 434034 
650 0 |a Administración de la enseñanza   |9 261034 
650 0 |a Gestión educacional   |9 261035 
583 |a last modification  |c 20170504 12:28:30  |k Rodrigo Vera 
490 0 |a Más Participación Mejor Educación 
999 |c 341039  |d 341037 
952 |0 0  |1 0  |4 0  |6 370_115000000000000_MIN_2006  |7 0  |8 A  |9 436256  |a BIBEDU  |b BIBEDU  |d 2019-11-22  |i 4676777  |o 370.115 MIN 2006  |p 4676777  |r 2019-11-22  |w 2019-11-22  |y BK  |k EBA